000 00942nam a22003017a 4500
003 CHAP
005 20220329140956.0
008 971013s1827 r 00010 d
010 _a60776
011 _a61748
035 _a65916
040 _cCHAP
082 _a530
_bA5
100 0 0 _aAlmeida, Teodoro de.
_94511
245 _aCartas físico-matemáticas de Teodosio a Eugenio
260 _aMadrid :
_bImprenta del Diario,
_c1827
300 _av.
_b: ilus.
590 _aBATCH-UPD
_b10
_c20130110
_lUCH01
_h0807
590 _aBATCH-UPD
_b10
_c20130410
_lUCH01
_h0445
590 _aBATCH-UPD
_b10
_c20130914
_lUCH01
_h0240
590 _aCONVERSION
_b10
_c20130109
_lUCH01
_h1333
650 1 4 _aFísica.
_941975
901 _aBK
942 _cLIBRO
949 _a530 A5
_bBC
_cBPP
_d-150543
_eBPP
_fv.1
_h7558
_i65916
_si
949 _a530 A5
_bBC
_cBPP
_d-150544
_eBPP
_fv.2
_h7559
_i65916
_si
949 _a530 A5
_bBC
_cBPP
_d-150545
_eBPP
_fv.3
_h7560
_i65916
_si
999 _c60776
_d60776